Statistics for Fast typing Numbers from 1-100

Click here to take the quiz!

General Stats

  • This quiz has been taken 2 times
  • The average score is 31 of 100

Answer Stats

Answer% Correct
1
100%
10
100%
11
100%
2
100%
21
100%
3
100%
4
100%
5
100%
6
100%
7
100%
8
100%
9
100%
12
50%
13
50%
14
50%
15
50%
16
50%
17
50%
18
50%
19
50%
20
50%
22
50%
23
50%
24
50%
25
50%
26
50%
27
50%
28
50%
29
50%
30
50%
31
50%
32
50%
33
50%
34
50%
35
50%
36
50%
37
50%
38
50%
39
50%
40
50%
41
50%
42
50%
43
50%
44
50%
45
50%
46
50%
47
50%
48
50%
49
50%
50
50%
100
0%
51
0%
52
0%
53
0%
54
0%
55
0%
56
0%
57
0%
58
0%
59
0%
60
0%
61
0%
62
0%
63
0%
64
0%
65
0%
66
0%
67
0%
68
0%
69
0%
70
0%
71
0%
72
0%
73
0%
74
0%
75
0%
76
0%
77
0%
78
0%
79
0%
80
0%
81
0%
82
0%
83
0%
84
0%
85
0%
86
0%
87
0%
88
0%
89
0%
90
0%
91
0%
92
0%
93
0%
94
0%
95
0%
96
0%
97
0%
98
0%
99
0%

Score Distribution

Percentile by Number Answered

Percent of People with Each Score

Your Score History

You have not taken this quiz